Villes traversées par l'autoroute A55 - autoroute du littoral - Statistiques

Statistiques générales
  • Ce quiz a été pris 15 fois
  • Le résultat moyen est 4 sur 6
Statistiques - réponses
ville population kilomètre % Correct
Marseille 878 325 0
100%
Martigues 48 526 37
85%
Fos-sur-Mer 15 469 43
77%
Marignane 32 510 19
69%
Les Pennes Mirabeau 22 526 16
46%
Port-de-Bouc 16 136 40
38%
Aucun quiz correspondant
Distribution des résultats
% des personnes avec chaque résultat
Percentile par nombre de réponses
Votre historique - résultats
Vous n’avez pas pris ce quiz